बनाटी (Record no. 422541)

MARC details
000 -LEADER
fixed length control field 00385nam a2200145Ia 4500
008 - FIXED-LENGTH DATA ELEMENTS--GENERAL INFORMATION
fixed length control field 100122s9999 xx 000 0 und d
082 ## - DEWEY DECIMAL CLASSIFICATION NUMBER
Item number 42100
Classification number 823.08
100 ## - MAIN ENTRY--PERSONAL NAME
Personal name माळवदे रमण
245 ## - TITLE STATEMENT
Title बनाटी
260 ## - PUBLICATION, DISTRIBUTION, ETC. (IMPRINT)
Name of publisher, distributor, etc मनोरमा प्रकाशन
Date of publication, distribution, etc 1988
300 ## - PHYSICAL DESCRIPTION
Extent 143
630 ## - SUBJECT ADDED ENTRY--UNIFORM TITLE
Uniform title बनाटी
730 ## - ADDED ENTRY--UNIFORM TITLE
Uniform title बनाटी
942 ## - ADDED ENTRY ELEMENTS (KOHA)
Koha item type Book
Holdings
Withdrawn status Lost status Damaged status Not for loan Home library Current library Date acquired Cost, normal purchase price Total Checkouts Full call number Barcode Date last seen Cost, replacement price Price effective from Koha item type Public note
        S.V. Pathak Library, Vile Parle S.V. Pathak Library, Vile Parle 08/02/1988 45.00   42100 SVPPARLE-42100 01/25/2010 45.00 01/25/2010 Book General NA